000 00562nam a22002297a 4500
003 UA-OsUOA
001 46703
007 ta
008 20070705b un ||||| |||| 00| 0 ukr d
100 _aBefebreibung E.
090 _a821.161
942 _cBK
040 _aUA-OsUOA
_bger
_cUA-OsUOA
_dUA-OsUOA
245 _aAlfer Stande auff Erden
300 _a185 с.
955 _a3
041 _ager
080 _a821.161
260 _aFrancffurt am Mann
_c1953
650 7 _a82 Література. Літературознавство
_2UDC
999 _c332792
_d332792